00404nam a2200169Ia 4500003000400000005001700004008004100021040000700062041000800069082002100077100001900098245002900117260002800146365001300174650003100187650001600218OSt20230605210106.0210423s2010 xx 000 0 und d cAL aeng a361.3 223bSHET aSHELDON (B),Ed aText book of social work aLondonbRoutledgec2010 b995cINR aSocial Problems & Services aSocial Work